| 000 | 00942nam a2200253 i 4500 | ||
|---|---|---|---|
| 001 | bg | ||
| 100 | 1 | _aGOSPODAREK, Jerzy | |
| 245 | 1 | 0 |
_aPrawo w turystyce i hotelarstwie : _bzbiór aktów normatywnych z objaśnieniami / _cJerzy Gospodarek. |
| 250 | _aStan prawny na dzień 15 października 1999 r. | ||
| 260 |
_aWarszawa : _bWydaw. Prawnicze, _c2000. |
||
| 300 |
_a614, [2] s. ; _c21 cm. |
||
| 505 | _aZawiera także akty normatywne częśc. tł. z ang. | ||
| 650 | 9 |
_aHotelarstwo _xprawo międzynarodowe _ystan na 2000 r. |
|
| 650 | 9 |
_aHotelarstwo _xprawo _zPolska _ystan na 2000 r. |
|
| 650 | 9 |
_aTurystyka _xprawo międzynarodowe _ystan na 2000 r. |
|
| 650 | 9 |
_aTurystyka _xprawo _zPolska _ystan na 2000 r. |
|
| 020 | _a8321910246 | ||
| 040 | _cBPK | ||
| 041 | 1 |
_apl _hen |
|
| 080 | _a341.22(094.4):[347.4/.5:640.41/.42+379.85](438+100)(094.4) | ||
| 920 | _a83-219-1024-6 | ||
| 942 | _cKS | ||
| 008 | s pl f |000 0 pol | ||
| 999 |
_c36808 _d36808 |
||
| 856 |
_uhttp://koha.tu.koszalin.pl/cgi-bin/koha/opac-detail.pl?biblionumber=36808 _yKatalog online BPK |
||